000 00811nam a2200241Ia 4500
003 OSt
005 20220923223715.0
006 a|||||r|||| 00| 0
007 ta
008 220922b |||||||| |||| 00| 0 hin d
024 _a220,388
037 _cTextual
040 _aARTS
_cARTS
_bhin
041 _2hin
_ahin
082 _aO152,3M80x, P3
100 _aप्रेमचन्द्र
_9156945
245 0 _aप्रेचन्द्र की सर्वश्रेष्ठ कहानियाँ
246 _aPrechandra kī sarvashreṣhṭha kahāniyāँ
260 _aदिल्ली
_b प्रकाशन संस्थान
_c2003
300 _a120i`
_ccm.
942 _hO152,3M80x, P3
_cTEXL
_2CC
999 _c366861
_d366861